La crisis de la experiencia en la era postsubjetiva
Uloženo v:
| Hlavní autor: | |
|---|---|
| Médium: | Kniha |
| Jazyk: | španělština |
| Vydáno: |
Santiago
Universidad Diego Portales
2003
|
| Vydání: | 1a. ed |
| Edice: | Colección Pensamiento Contemporáneo, 2
|
| Témata: | |
| Tagy: |
Přidat tag
Žádné tagy, Buďte první, kdo vytvoří štítek k tomuto záznamu!
|
MARC
| LEADER | 00000cam a2200000 a 4500 | ||
|---|---|---|---|
| 001 | UCG8680 | ||
| 003 | CL-VaPUC | ||
| 008 | 111223e20030000CL |||||||||||||||||spa|d | ||
| 020 | |a 9567397430 | ||
| 082 | 0 | 4 | |a 121 |b JAY |2 21 |
| 100 | |a Jay, Martin |e author |9 592329 | ||
| 245 | 1 | 3 | |a La crisis de la experiencia en la era postsubjetiva |
| 250 | |a 1a. ed | ||
| 300 | |a 212 p | ||
| 942 | |c BK | ||
| 945 | |d 20111223 00:00:00 |a dcastane | ||
| 260 | |a Santiago |b Universidad Diego Portales |c 2003 | ||
| 650 | 0 | |a Epistemología |9 264994 | |
| 650 | 0 | |a Cognición |9 270347 | |
| 650 | 7 | |a CONOCIMIENTO |2 CL-VaPUC |9 308991 | |
| 650 | 0 | |a Creencia |9 334586 | |
| 650 | 0 | |a Experiencia |9 308852 | |
| 583 | |a last modification |c 20111223 12:06:00 |k Rodrigo Vera | ||
| 490 | 0 | |a Colección Pensamiento Contemporáneo, 2 | |
| 999 | |c 346280 |d 346278 | ||
| 952 | |0 0 |1 0 |4 0 |6 121_000000000000000_JAY_2003 |7 0 |8 A |9 446925 |a BIBART |b BIBART |d 2019-11-22 |i 4818016 |o 121 JAY 2003 |p 4818016 |r 2025-03-13 |w 2019-11-22 |y BK |k ART | ||